[Event "Stay Safe Play From Home 244"]
[Site "Emanuel Lasker Arena"]
[Date "2020.06.22"]
[Round "3"]
[White "Tolka"]
[Black "Dj amir"]
[Result "1-0"]
[WhiteElo "2224"]
[BlackElo "2427"]
[Annotator "TA"]
[PlyCount "57"]
[EventDate "2020.06.22"]
[EventType "swiss (blitz)"]

{[%evp 10,57,47,39,62,33,32,19,57,0,11,4,36,31,52,41,53,47,47,43,81,62,79,68,111,44,127,-9,-4,-20,140,121,181,167,258,240,289,265,339,333,421,410,424,432,506,495,483,346,29998,29999]} 1. e4 Nf6 2. e5 Nd5 3. d4 d6 4. Nf3 dxe5 5. Nxe5 c6 6. Be2 Bf5 {B04: Alekhine's Defence: 4 Nf3.} 7. O-O (7. g4 {is more complex.} Be6 8. f4 g6 9. O-O Nc7 10. Nc3) 7... Nd7 8. Nf3 (8. Nd3 {is interesting.} e6 9. c4 N5f6 10. Be3 Bd6 11. Nc3) 8... e6 {The position is equal.} 9. h3 (9. c4 $5 {[%cal Rc4d5]} N5f6 10. Nc3 $14) 9... Be7 {[#]} 10. a3 $146 ({Predecessor:} 10. c4 N5f6 11. Nc3 h6 12. Be3 O-O 13. Qd2 Bh7 14. Rfd1 Rc8 15. a3 Ne4 16. Nxe4 Bxe4 {½-½ (44) Kosteniuk,A (2537)-Goryachkina,A (2460) Sochi 2016}) 10... O-O 11. c4 $36 {[%mdl 2048] Black is under pressure.} Nc7 12. Nc3 Bg6 13. Be3 Bf6 14. Rc1 a5 15. Qd2 a4 16. Rfe1 c5 17. d5 (17. Rcd1 $16) 17... exd5 (17... Bxc3 $14 18. bxc3 (18. Rxc3 exd5 19. cxd5 Nf6 $16) 18... e5) 18. Nxd5 (18. cxd5 $16 h6 19. Rcd1) 18... Nxd5 $11 19. cxd5 b6 $2 {[#]} (19... Qb6 $11) 20. Bb5 Re8 (20... Ra5 $16 {might work better.} 21. Bf1 Re8) 21. Bf4 Rxe1+ (21... Re4 $142 22. Bc6 Ra7) 22. Rxe1 $18 ({Worse is} 22. Qxe1 Bxb2 23. Rd1 Bc2 $17) 22... Nf8 23. d6 Ne6 24. Be5 Bh5 {Threatening ...Bxf3.} 25. Bxf6 Qxf6 26. Ne5 Nd4 27. d7 {[#] And now Ng4 would win.} Nxb5 28. Ng4 {Threatening mate with Re8+.} Bxg4 $2 (28... Qd8 $18) 29. Re8+ {[%mdl 64] Back Rank. Accuracy: White = 66%, Black = 26%.} 1-0

[Event "Stay Safe Play From Home 244"]
[Site "Emanuel Lasker Arena"]
[Date "2020.06.22"]
[Round "3"]
[White "Lamborghini"]
[Black "Lazieri3"]
[Result "1-0"]
[WhiteElo "2202"]
[BlackElo "2144"]
[Annotator "TA"]
[PlyCount "77"]
[EventDate "2020.06.22"]
[EventType "swiss (blitz)"]

{[%evp 9,77,12,23,19,55,-9,-4,-36,-25,-30,-16,-36,-43,-31,-43,-122,-122,-136,-113,-149,-153,-175,-34,-40,-8,-80,-10,0,-7,-8,-5,-6,-7,-12,8,0,8,0,0,0,0,0,0,0,38,-29,0,0,0,-72,0,-54,0,0,0,0,0,0,0,-912,-196,-524,-367,-5952,-5414,-5317,-5402,-29991,-29992,-29994]} 1. e4 c6 2. d3 d5 3. Nd2 dxe4 4. dxe4 Nf6 5. e5 Nd5 $1 6. Ngf3 {[#] B10: Caro-Kann: 2 d3 and 2 c4.} Bf5 $146 {[#] And now ...Nb4 would win.} ({Predecessor:} 6... Bg4 7. h3 Bxf3 8. Nxf3 e6 9. c3 Nd7 10. Bd3 Qc7 11. Qe2 O-O-O 12. Bd2 h6 {0-1 (40) Francke,H (1997)-Schindele,A (1953) Bad Homburg 2011}) 7. a3 (7. Nd4 $14 e6 8. Nxf5 exf5 9. Bc4) 7... e6 $11 8. g3 {The position is equal.} Nd7 9. Bg2 Be7 10. O-O O-O 11. c4 N5b6 12. Nd4 ({White should play} 12. b3 $15) 12... Bg6 $17 13. Re1 Nc5 14. N4f3 Nd3 15. Re3 Nxc1 (15... Bc5 $19 {Threatens to win with ...Nxf2!} 16. Re2 a5) 16. Rxc1 $15 Qc7 17. Ne4 (17. c5 $1 $11 {remains equal.} Nd5 18. Re1) 17... Bxe4 (17... Nd7 $17) 18. Rxe4 $11 Rad8 19. Qc2 Rd7 20. h4 Rfd8 21. h5 h6 22. Re2 Bg5 23. Nxg5 hxg5 24. Rce1 Rd4 $36 {[%mdl 2048] Black has good play.} 25. b3 Qe7 26. Qc1 g4 27. Be4 (27. Re4 $14) 27... a5 28. Bc2 a4 29. h6 {[#]} (29. Re4 $1 $11) 29... axb3 (29... g6 $1 $17) 30. Bxb3 (30. hxg7 $1 $11 Kxg7 31. Bxb3) 30... Nd7 (30... g6 $1 $15) 31. hxg7 Kxg7 32. Bc2 Nc5 33. Qe3 {Strongly threatening Kg2.} Rxc4 34. Bd1 $2 {[%mdl 8192]} (34. Rd2 $11) 34... Nd3 $2 (34... Rd3 35. Kg2 Rxe3 36. Rxe3 Qg5) 35. Bb3 $2 (35. Rf1 Rc5 36. f4) 35... Nxe1 36. Bxc4 $2 (36. Rxe1 Rcd4 37. Bc2) 36... Nf3+ $19 37. Kg2 Rd1 {[%csl Gf3][%cal Rd1g1]} 38. Re1 Rxe1 {[%csl Gf3][%cal Re1g1]} 39. Bf1 {[%mdl 32768] Accuracy: White = 54%, Black = 60%. . Loss on time!?} 1-0

[Event "Stay Safe Play From Home 244"]
[Site "Emanuel Lasker Arena"]
[Date "2020.06.22"]
[Round "3"]
[White "SoulofWolf"]
[Black "Weltszmerc"]
[Result "1-0"]
[WhiteElo "2138"]
[BlackElo "2189"]
[Annotator "TA"]
[PlyCount "87"]
[EventDate "2020.06.22"]
[EventType "swiss (blitz)"]

{[%evp 9,87,-8,46,47,50,41,31,20,29,3,7,0,0,2,90,-32,26,-34,-6,-35,-29,-29,72,12,35,26,28,-40,32,-66,-39,-77,-88,-77,-48,-150,-51,-68,-51,-50,-16,-70,-92,-187,-156,-193,-97,-166,-134,-248,-247,-229,-167,-150,-114,-166,-80,-83,-26,-118,0,-34,55,55,38,-137,-134,-129,-137,-178,-158,-289,-229,-261,-157,-901,-891,-868,-808,-614]} 1. Nf3 Nf6 2. c4 d5 3. d4 dxc4 4. Qa4+ c6 5. Qxc4 b5 (5... Bf5 $11) 6. Qc2 $14 {D23: Queen's Gambit Accepted: 3 Nf3 Nf6 sidelines.} a6 7. Nc3 e6 8. e4 {White is slightly better.} Bb7 {[#]} 9. Bd3 $146 ({Predecessor:} 9. Bg5 h6 10. Bh4 Nbd7 11. Rd1 Qb6 12. Be2 Bb4 13. O-O Bxc3 14. bxc3 c5 15. Nd2 cxd4 16. cxd4 {½-½ (43) Bocharov,D (2592)-Solovjov,S (2497) St Petersburg 2005}) 9... c5 10. dxc5 $1 Bxc5 11. O-O Qe7 (11... Nc6 $11 {remains equal.} 12. Qe2 Qb8) 12. Rd1 (12. e5 $16 Nd5 13. Nxd5 Bxd5 14. Bg5) 12... Nbd7 (12... Ng4 $15 13. Rf1 Nc6) 13. a3 (13. Bg5 $11) 13... Rc8 14. Bg5 h6 15. Bh4 e5 (15... g5 $11 16. Bg3 Nh5) 16. Qe2 (16. a4 $16) 16... Qe6 17. Rac1 O-O 18. Bg3 (18. Bb1 $11) 18... Ba7 (18... Bd4 $15) 19. Rd2 (19. Bb1 $14) 19... Nh5 20. Rdc2 Nxg3 21. hxg3 Nc5 22. Nd1 ({Better is} 22. Rd1 $15) 22... Nxd3 (22... Qd6 $17 23. Ne1 Qg6) 23. Qxd3 Rxc2 24. Rxc2 Qg4 25. Rc7 (25. Nc3 $11) 25... Bxe4 $15 26. Qe2 (26. Nxe5 $17 Qf5 27. Qd7 Bxf2+ 28. Nxf2 Qxe5 {[%mdl 64] Double Attack} 29. Nxe4 Qxe4 30. Kh2) 26... Bb8 $36 {[%mdl 2048] Keeping White busy.} 27. Rc3 Bxf3 (27... Rd8 $19 28. Ne3 Qd7) 28. Rxf3 (28. gxf3 $17 Qg6 29. Qe4) 28... Qe6 29. Ne3 (29. a4 $17) 29... e4 $19 30. Rf5 g6 31. Rd5 Ba7 {Strongly threatening ...Bxe3.} 32. Rd1 (32. Qd1 $17) 32... Bxe3 (32... Kg7 $19 {has better winning chances.} 33. b4 Qb3) 33. Qxe3 {[%mdl 4096] Endgame KQR-KQR} Re8 (33... Kg7 $17 34. Rd4 Re8) 34. Re1 (34. Qxh6 $11 e3 35. fxe3) 34... f5 ({Black should try} 34... Qe5 $17 35. b3 Kg7) 35. g4 Qe5 (35... fxg4 $15 36. Qxh6 g3 $1 {[%mdl 512]} 37. fxg3 e3) 36. Qxh6 $14 Qg7 37. g5 $2 {[#]} (37. Qg5 $14 {keeps the upper hand.}) 37... Qxh6 $1 $17 38. gxh6 {KR-KR} Kh7 39. g3 Kxh6 40. Re2 (40. f3 $17 {was worth a try.}) 40... Kg5 41. Kg2 f4 42. Re1 $2 (42. gxf4+ $17 Kxf4 43. Rd2) 42... f3+ $19 43. Kf1 Kf5 44. Kg1 {[%mdl 32768] Accuracy: White = 27%, Black = 41%. . Sensor Board Error (Ke4/e5)?} 1-0

[Event "Stay Safe Play From Home 244"]
[Site "Emanuel Lasker Arena"]
[Date "2020.06.22"]
[Round "3"]
[White "Bardellosport"]
[Black "MartinKestler"]
[Result "1-0"]
[WhiteElo "2023"]
[BlackElo "1906"]
[Annotator "TA"]
[PlyCount "139"]
[EventDate "2020.06.22"]
[EventType "swiss (blitz)"]

{[%evp 11,138,23,26,4,25,28,33,-4,28,28,32,28,56,-19,18,-35,-31,-42,-36,-232,-135,-130,-132,-133,-79,-185,-60,-79,-41,-181,-179,-166,-124,-191,-170,-319,-180,-345,-335,-320,-259,-256,-239,-253,-179,-293,-270,-268,-121,-214,-64,-214,-199,-380,-354,-464,390,388,372,0,378,370,506,505,503,508,29975,29975,29982,29983,29983,29983,29983,29984,29985,29986,29985,29985,29988,29987,29987,29988,29991,29990,29992,29991,29991,29992,29992,29991,29992,29991,29993,29992,29992,29992,29993,29993,29993,29994,29995,29996,29996,29997,29997,29997,29997,29998,29998,29999,29999,29999,29999,29999,29999,29999,29999,29999,29999,29999,29999,29999,29999,29999,29999,29999,29999,29999,29999]} 1. Nc3 d5 2. e4 c6 3. Nf3 dxe4 4. Nxe4 Nd7 5. Ng3 Ngf6 6. d4 e6 7. c3 {B17: Caro-Kann: Modern Line (4...Nd7).} Bd6 8. Bd3 O-O 9. Qe2 {White is slightly better.} b6 10. O-O {[#]} Bb7 $146 ({Predecessor:} 10... Qc7 11. Re1 Bb7 12. Bg5 c5 13. Rad1 Bf4 14. dxc5 Bxf3 15. Bxf4 Bxe2 16. Bxc7 Bxd1 17. Rxd1 Nxc5 {0-1 (37) Van Riemsdijk,D (2189)-Name,G (2170) Sao Paulo 2010}) 11. Bg5 Be7 12. h4 (12. Rad1 $14) 12... h6 13. Bd2 (13. Bf4 $11) 13... c5 $15 14. Ne4 cxd4 15. c4 $2 (15. cxd4 $15 Nxe4 16. Bxe4 Bxe4 17. Qxe4) 15... Nxe4 (15... Ng4 $19 16. Rad1 Qc7) 16. Bxe4 $17 Bxe4 17. Qxe4 Nf6 (17... Nc5 $142 18. Qg4 f5 19. Qxd4 Qxd4 20. Nxd4 Rfd8) 18. Qe2 (18. Qxd4 $17 Qxd4 19. Nxd4) 18... a5 (18... d3 $19 19. Qe1 Qc7) 19. Ne5 Nd7 {Hoping for ...Nxe5.} 20. f4 ({Better is} 20. Nc6 $15 Qe8 21. Nxd4) 20... Nxe5 21. fxe5 Bxh4 22. Qg4 (22. Rad1 $17) 22... Bg5 $19 23. Be1 (23. Bxg5 $142 Qxg5 24. Qxd4) 23... Qe7 (23... Rc8 $142 24. b3 b5 $1 {[%mdl 512]} 25. cxb5 d3) 24. Bg3 $2 (24. Qxd4 Qb7 25. Rf3) 24... Rfd8 25. Rad1 Rd7 26. b3 Rad8 27. Rd3 Rf8 28. Rfd1 (28. Bf4 {is a better defense.}) 28... f6 29. exf6 Qxf6 ({Don't take} 29... Bxf6 30. Bf4 $19) (29... Rxf6 $19 {has better winning chances.} 30. Be5 Rf5 31. Bxd4 b5) 30. Qe2 {[#]} (30. Re1 $17 {might work better.}) 30... Bf4 (30... e5 $1 $19 {aiming for ...Qg6.} 31. Rf3 (31. Qxe5 Qg6) 31... Bf4 32. Bxf4 exf4) 31. Rf3 ({Only move:} 31. Bxf4 $15 Qxf4 32. Qxe6+ {[%mdl 64] Double Attack} Rff7 33. Rf3) 31... e5 32. Bf2 $2 (32. Bxf4 {was necessary.} exf4 33. Qf2) 32... g5 33. g3 e4 $4 {[%mdl 8192]} (33... g4 $19 {and life is good for Black.} 34. Rfd3 Bg5) 34. Qxe4 $18 {[%mdl 64] Double Attack, Pin} Re7 35. Qd3 $2 {[#]} (35. Qd5+ $18 Qe6 36. gxf4) 35... Qe6 $2 {[%mdl 8192]} (35... Re3 $1 $11 {[%mdl 512]} 36. Bxe3 Bxe3+ {[%mdl 64] Discovered Attack} 37. Kh2 Qxf3 38. Qg6+ {[%mdl 64] Double Attack} Kh8 39. Qxh6+ Kg8 40. Qg6+ Kh8 41. Qh6+ Kg8 42. Qg6+ Kh8 43. Qh6+) 36. gxf4 Rxf4 37. Rxf4 gxf4 38. Bxd4 Rg7+ (38... Qg4+ $18 39. Kf2 Qh4+ 40. Kf1 f3 41. Qg6+ {[%mdl 64] Double Attack} (41. Qxf3 Rf7 $17) 41... Kf8 42. Qf6+ Qxf6 43. Bxf6 Re2) 39. Bxg7 {White mates.} Kxg7 40. Qd7+ Qf7 41. Qxf7+ Kxf7 {[%mdl 4096] Endgame [#] KR-KP} 42. Rd6 $1 f3 43. Kf2 h5 44. Rh6 a4 45. Rxh5 axb3 46. axb3 b5 47. Rxb5 Kg7 48. Kxf3 {KR-K} Kf7 49. Ke4 Kf6 50. Kd5 Ke7 51. Kc6 Kf6 52. Rd5 Kf7 53. b4 Kg7 54. b5 Kf7 55. b6 Kg7 56. b7 Kf7 57. b8=Q Kg7 58. Qd6 Kf7 59. Re5 Kg7 60. Re7+ Kh8 61. Kd5 {[%cal Rd6d8]} Kg8 62. Ke4 {[%cal Rd6d8]} Kh8 63. Kf3 {[%cal Rd6d8]} Kg8 64. Kg2 {[%cal Rd6d8]} Kh8 65. Kh3 {[%cal Rd6d8]} Kg8 66. Kh2 {[%cal Rd6d8]} Kh8 67. Kg1 {[%cal Rd6d8]} Kg8 68. Kf1 {[%cal Rd6d8]} Kh8 69. Ke1 {[%cal Rd6d8]} Kg8 70. Qd8# {Quite a comeback for White. Accuracy: White = 31%, Black = 31%.} 1-0

[Event "Stay Safe Play From Home 244"]
[Site "Emanuel Lasker Arena"]
[Date "2020.06.22"]
[Round "3"]
[White "Greblha"]
[Black "Haxhi Baha"]
[Result "1-0"]
[WhiteElo "1943"]
[BlackElo "2030"]
[Annotator "TA"]
[PlyCount "83"]
[EventDate "2020.06.22"]
[EventType "swiss (blitz)"]

{[%evp 9,83,18,22,17,58,56,57,50,87,32,41,31,34,26,29,-73,-85,-73,-76,-96,-95,-113,-111,-107,-109,-116,-113,-113,-107,-120,-108,-105,-103,-103,-103,-105,-77,-168,-127,-141,-145,-142,-150,-148,-112,-710,-147,-605,-147,-236,-231,-862,-855,-710,-283,-1022,-1008,-1712,-924,-945,-588,-700,-515,-831,0,-29981,-29982,-29982,-29982,-29982,-29983,-8056,0,-29994,-29995,-29995]} 1. e4 e6 2. Qe2 d5 3. exd5 Qxd5 4. Nc3 Qd8 5. Nf3 Nf6 6. g3 {C00: French: Unusual White 2nd moves.} a6 7. Bg2 {[#]} Bd7 $146 ({Predecessor:} 7... c5 8. Ne5 Nbd7 9. Nc4 Nb6 10. b3 Nxc4 11. bxc4 Qc7 12. Rb1 Bd6 13. O-O O-O {1-0 (37) Varga,Z (2525)-Varga,P (2415) Hungary 2005}) 8. O-O {White is slightly better.} c5 9. d3 (9. d4 $16) 9... Nc6 $14 10. Bf4 Be7 11. Ne4 O-O 12. Bd6 (12. c3 $11) 12... Nxe4 $17 13. Bxe7 Nxg3 $1 ({Don't play} 13... Qxe7 14. Qxe4 e5 15. Rae1 $11) 14. fxg3 Qxe7 15. Ne5 Nxe5 16. Qxe5 Rab8 17. b3 b5 18. Rae1 Rb6 19. Be4 Bc6 20. Qh5 {[%csl Ge4][%cal Rh5h7]} Bxe4 21. Rxe4 g6 22. Qh6 f5 23. Rh4 (23. Re5 $17 {keeps fighting.}) 23... Qg7 24. Qg5 e5 25. Re1 Re6 26. a4 Qe7 27. Qh6 $2 {[%mdl 8192]} (27. Qxe7 $17 Rxe7 28. axb5 axb5 29. Kg2) 27... Rf7 $2 (27... g5 $19 {has better winning chances.} 28. Qxh7+ Qxh7 29. Rxh7 Kxh7) 28. axb5 $2 {[%mdl 8192]} (28. Qe3 $17) 28... axb5 $2 (28... g5 $19 {is more deadly.} 29. bxa6 gxh4 30. Qxh4 Rxa6 31. Qxe7 Rxe7) 29. Ra1 (29. Qe3 $17 {was necessary.}) 29... Rf8 $19 30. Ra5 $2 (30. Qd2) 30... e4 31. dxe4 fxe4 $2 (31... g5 32. Qxh7+ Qxh7 33. Rxh7 Kxh7 34. exf5 Rxf5) 32. Ra1 $2 (32. Qe3) 32... e3 {...e2 is the strong threat.} 33. Re1 e2 {Strongly threatening ...Rf1+!} 34. Qd2 c4 {Threatens to win with ...cxb3.} 35. bxc4 Qc5+ 36. Rd4 (36. Qd4 $142 Qe7 37. Rf4) 36... Ref6 $2 $40 {[%mdl 128] White needs to defend precisely.} (36... Re4 $19 37. Kg2 Rxd4 38. Qxe2 Rxc4) 37. Kg2 $2 {[%mdl 8192]} (37. Rxe2 $11 Rd6 38. Ree4) 37... Rf2+ 38. Kh3 Qf5+ 39. Rg4 h5 {[%csl Gh5][%cal Rf5g4][%mdl 64] Pin} 40. Qd5+ Kh7 $2 ({Black should try} 40... Qxd5 $19 41. Rxg6+ {[#]} Kh7 $1 {[%mdl 512]} 42. cxd5 Kxg6) 41. Qb7+ $2 {[%mdl 8192] [#]} (41. Qxf5 $11 R8xf5 42. Re4) 41... Kh6 $1 {[%csl Gh5][%cal Rf5g4][%mdl 512]} 42. Qe4 {[%mdl 32768] Accuracy: White = 40%, Black = 52%. . Loss on time!?} 1-0

[Event "Stay Safe Play From Home 244"]
[Site "Emanuel Lasker Arena"]
[Date "2020.06.22"]
[Round "3"]
[White "Grazie"]
[Black "Trotsky"]
[Result "1-0"]
[WhiteElo "1798"]
[BlackElo "1556"]
[Annotator "NA RC"]
[PlyCount "89"]
[EventDate "2020.06.22"]
[EventType "swiss (blitz)"]

1. d4 {[%emt 0:00:01]} d5 {[%emt 0:00:01]} 2. c3 {[%emt 0:00:00]} e6 {[%emt 0:00:00]} 3. g3 {[%emt 0:00:00]} c5 {[%emt 0:00:01]} 4. Bg2 {[%emt 0:00:00]} Nc6 {[%emt 0:00:01]} 5. Nf3 {[%emt 0:00:01]} c4 {[%emt 0:00:00]} 6. Bg5 {[%emt 0:00:02]} f6 {[%emt 0:00:01]} 7. Bc1 {[%emt 0:00:01]} Bd6 {[%emt 0:00:01]} 8. Nbd2 {[%emt 0:00:01]} Qc7 {[%emt 0:00:00]} 9. e4 {[%emt 0:00:01]} Bd7 {[%emt 0:00:00]} 10. exd5 {[%emt 0:00:01]} exd5 {[%emt 0:00:01]} 11. O-O {[%emt 0:00:00]} O-O-O {[%emt 0:00:01]} 12. Re1 {[%emt 0:00:00]} h5 {[%emt 0:00:01]} 13. Nf1 {[%emt 0:00:01]} Nh6 {[%emt 0:00:01]} 14. Bxh6 {[%emt 0:00:02]} Rxh6 {[%emt 0:00:02]} 15. b3 {[%emt 0:00:03]} g5 {[%emt 0:00:01]} 16. bxc4 {[%emt 0:00:01]} f5 {[%emt 0:00:01]} 17. cxd5 {[%emt 0:00:01]} f4 {[%emt 0:00:06]} 18. dxc6 {[%emt 0:00:04]} Bxc6 {[%emt 0:00:01]} 19. Nxg5 {[%emt 0:00:01]} fxg3 {[%emt 0:00:02]} 20. hxg3 {[%emt 0:00:04]} h4 {[%emt 0:00:02]} 21. Ne4 {[%emt 0:00:01]} Rdh8 {[%emt 0:00:02]} 22. Nxd6+ {[%emt 0:00:01]} Qxd6 {[%emt 0:00:01]} 23. Qg4+ {[%emt 0:00:02]} Kb8 {[%emt 0:00:07]} 24. Qf4 {[%emt 0:00:02]} Qxf4 {[%emt 0:00:03]} 25. gxf4 {[%emt 0:00:01]} Bxg2 {[%emt 0:00:01]} 26. Kxg2 {[%emt 0:00:01]} h3+ {[%emt 0:00:01]} 27. Kh2 {[%emt 0:00:02]} Rg8 {[%emt 0:00:02]} 28. Ng3 {[%emt 0:00:01]} Rhg6 {[%emt 0:00:02]} 29. f5 {[%emt 0:00:01]} Rg4 {[%emt 0:00:01]} 30. Kxh3 {[%emt 0:00:01]} R4g5 {[%emt 0:00:02]} 31. Re5 {[%emt 0:00:02]} Rh8+ {[%emt 0:00:01]} 32. Kg2 {[%emt 0:00:01]} Rg4 {[%emt 0:00:01]} 33. Rae1 {[%emt 0:00:03]} Rgh4 {[%emt 0:00:01]} 34. Ne4 {[%emt 0:00:02]} Rh2+ {[%emt 0:00:01]} 35. Kf3 {[%emt 0:00:01]} R8h3+ {[%emt 0:00:01]} 36. Ke2 {[%emt 0:00:01]} Rg2 {[%emt 0:00:02]} 37. Nc5 {[%emt 0:00:02]} Rhh2 {[%emt 0:00:01]} 38. Rf1 {[%emt 0:00:01]} a6 {[%emt 0:00:01]} 39. Ne6 {[%emt 0:00:02]} Ka7 {[%emt 0:00:01]} 40. Nf4 {[%emt 0:00:01]} Rg4 {[%emt 0:00:02]} 41. Nd3 {[%emt 0:00:01]} Rg8 {[%emt 0:00:03]} 42. f6 {[%emt 0:00:01]} Rh7 {[%emt 0:00:01]} 43. Rf5 {[%emt 0:00:00]} Rf7 {[%emt 0:00:01]} 44. f4 {[%emt 0:00:00]} Rgf8 {[%emt 0:00:01]} 45. Ne5 {[%emt 0:00:01] . Âðåìÿ (Lag: Av=0.24s, max=0.4s)} 1-0

[Event "Stay Safe Play From Home 244"]
[Site "Emanuel Lasker Arena"]
[Date "2020.06.22"]
[Round "3"]
[White "Klasman"]
[Black "Bishop91"]
[Result "0-1"]
[WhiteElo "1221"]
[BlackElo "1771"]
[Annotator "NA"]
[PlyCount "44"]
[EventDate "2020.06.22"]
[EventType "swiss (blitz)"]

1. f4 {[%emt 0:00:02]} d5 {[%emt 0:00:02]} 2. Nf3 {[%emt 0:00:02]} Bf5 {[%emt 0:00:00]} 3. c4 {[%emt 0:00:02]} d4 {[%emt 0:00:02]} 4. d3 {[%emt 0:00:02]} Nc6 {[%emt 0:00:01]} 5. e3 {[%emt 0:00:01]} Qd7 {[%emt 0:00:01]} 6. exd4 {[%emt 0:00:02]} Nxd4 {[%emt 0:00:00]} 7. Be3 {[%emt 0:00:03]} Nxf3+ {[%emt 0:00:01]} 8. gxf3 {[%emt 0:00:05]} O-O-O {[%emt 0:00:00]} 9. d4 {[%emt 0:00:05]} e6 {[%emt 0:00:02]} 10. Nc3 {[%emt 0:00:01]} Bb4 {[%emt 0:00:02]} 11. Be2 {[%emt 0:00:04]} Nf6 {[%emt 0:00:01]} 12. O-O {[%emt 0:00:03]} Bxc3 {[%emt 0:00:01]} 13. bxc3 {[%emt 0:00:01]} c6 {[%emt 0:00:00]} 14. Qa4 {[%emt 0:00:03]} Kb8 {[%emt 0:00:02]} 15. d5 {[%emt 0:00:02]} a6 {[%emt 0:00:03]} 16. Qb4 {[%emt 0:00:06]} exd5 {[%emt 0:00:02]} 17. Qb6 {[%emt 0:00:03]} Qc7 {[%emt 0:00:09]} 18. Qa7+ {[%emt 0:00:02]} Kc8 {[%emt 0:00:00]} 19. Bb6 {[%emt 0:00:05]} Qb8 {[%emt 0:00:01]} 20. Qxb8+ {[%emt 0:00:03]} Kxb8 {[%emt 0:00:00]} 21. Bxd8 {[%emt 0:00:01]} Rxd8 {[%emt 0:00:00]} 22. Rab1 {[%emt 0:00:01]} dxc4 {[%emt 0:00:01] Time (Lag: Av=0.42s, max=1.0s)} 0-1